| 000 | 00927nam a2200277 a 4500 | ||
|---|---|---|---|
| 001 | 53035 | ||
| 003 | BD-RjUL | ||
| 005 | 20211209075910.0 | ||
| 008 | 161002s2001 nyua b 001 0 eng | ||
| 020 | _a047119364X (cloth : alk. paper) | ||
| 035 | _a(BD-RjUL)53155 | ||
| 040 |
_aDLC _cDLC _dDLC _dBD-RjUL _beng |
||
| 041 | _aeng | ||
| 082 | 0 | 0 |
_a519.535 _223 _bMCG 2001 |
| 100 | 1 |
_aMcCulloch, Charles E. _9158504 |
|
| 245 | 1 | 0 |
_aGeneralized, linear, and mixed models / _cCharles E. McCulloch, Shayle R. Searle. |
| 260 |
_aNew York : _bJohn Wiley & Sons, _c2001. |
||
| 300 |
_axxi, 325 p. : _bill. ; _c25 cm. |
||
| 490 | 1 | _aWiley series in probability and statistics | |
| 500 | _aIncludes index. | ||
| 650 | 0 |
_aLinear models (Statistics) _9119621 |
|
| 700 | 1 |
_aSearle, S. R. _q(Shayle R.), _d1928- _9154211 |
|
| 830 | 0 |
_aWiley series in probability and statistics. _9158505 |
|
| 942 |
_2ddc _cBK |
||
| 999 |
_c53035 _d53035 |
||